Statistics for Mamma Mia! Here we go again quiz

Click here to take the quiz!

General Stats

  • This quiz has been taken 1,421 times
  • The average score is 7 of 14

Answer Stats

QuestionsAnswer% Correct
Young Donna is played by?Lily James
91%
What country did Donna meet harry in?France
84%
How old is Sophie?25
83%
What city did Sky get offered a job in?New York
60%
What year did she graduate in?1979
55%
Why did Donna and Sam break up?He was engaged
54%
What university/college did Donna graduate from?Oxford
54%
How long ago did Donna DieOne year ago
53%
What is the name of the hotel?Hotel Bella Donna
47%
What does Tanya think her sole mate is?Wine
38%
What does Rosie think her sole mate is?Carbs
32%
What country is MM2 filmed in?Croatia
32%
Where was Harry at the start of the movie?Tokyo
28%
What did Bill get an award for?Being the best swede of all time
19%

Score Distribution

Percentile by Number Answered

Percent of People with Each Score

Your Score History

You have not taken this quiz